000 00965nam a22002417a 4500
999 _c64922
_d64922
005 20240530110758.0
008 181216s2017 ua f b 00| |dara d
017 _a2017/10831
_bمصر. دار الكتب
020 _a97897779113111
040 _aEG-CaGPL
_cEG-CaGPL
082 0 4 _221
_a307.72 /
_bق/أ ص
100 0 _aاحمد مصطفى على حسين
245 1 2 _aالصعيد :
_bجذور الالم والامل /
_cاحمد مصطفى على حسين
250 _aط.1
260 _aالقاهرة :
_bالهيئة المصرية العامة للكتاب،
_c2017.
300 _a392 ص. ؛
_c24 سم.
504 _aيشتمل على ارجاعات ببليوجرافية
651 0 7 _2qrmak
_aالصعيد
_xتاريخ
651 0 7 _2qrmak
_aالصعيد
_zمصر
_xالاحوال الاجتماعية
651 0 7 _2qrmak
_aالصعيد
_zمصر
_xالاحوال السياسية
942 _2ddc
_cBK